[Event "EU-ch 23rd"]
[Site "Vrnjacka Banja"]
[Date "2023.03.10"]
[Round "8"]
[White "Bjelanovic, Mile"]
[Black "Aleksic, Milan"]
[Result "1-0"]
[WhiteElo "2017"]
[BlackElo "2202"]
[PlyCount "93"]
[EventDate "2023.03.03"]
[EventType "swiss"]
[EventRounds "11"]
[EventCountry "SRB"]
[SourceTitle "CBM 213"]
[Source "ChessBase"]
[SourceDate "2023.04.30"]
[SourceVersion "1"]
[SourceVersionDate "2023.04.30"]
[SourceQuality "1"]

1. e4 c5 2. Nf3 Nc6 3. Bb5 g6 4. Bxc6 dxc6 5. d3 Bg7 6. h3 e5 7. Nc3 Ne7 8. Be3 b6 9. Qd2 h6 10. Nh2 Nd5 11. exd5 cxd5 12. Qe2 d4 13. Qf3 Be6 14. Nb5 dxe3 15. Qxa8 Qxa8 16. Nc7+ Ke7 17. Nxa8 exf2+ 18. Kxf2 Rxa8 19. c3 Rd8 20. Rhd1 a5 21. Nf3 a4 22. a3 Bb3 23. Rd2 Bd5 24. Re1 Bxf3 25. gxf3 Kf8 26. Ke2 Bf6 27. Rb1 Bg5 28. Rdd1 Rd6 29. b4 axb3 30. Rxb3 Bd8 31. a4 Ke8 32. Rb5 Kd7 33. a5 Kc6 34. a6 Rd7 35. Ra1 Ra7 36. c4 g5 37. Rbb1 Kd6 38. Ra2 Ke6 39. Rg1 h5 40. h4 Kf5 41. hxg5 h4 42. f4 exf4 43. Kf3 Bxg5 44. Rb1 Bd8 45. Re1 Bf6 46. Re8 Bd4 47. Rb8 1-0

[Event "EU-ch 23rd"]
[Site "Vrnjacka Banja"]
[Date "2023.03.04"]
[Round "2"]
[White "Pirvulescu, Adrian"]
[Black "Aleksic, Milan"]
[Result "0-1"]
[WhiteElo "1738"]
[BlackElo "2202"]
[PlyCount "54"]
[EventDate "2023.03.03"]
[EventType "swiss"]
[EventRounds "11"]
[EventCountry "SRB"]
[SourceTitle "CBM 213"]
[Source "ChessBase"]
[SourceDate "2023.04.30"]
[SourceVersion "1"]
[SourceVersionDate "2023.04.30"]
[SourceQuality "1"]

1. e4 c5 2. Nf3 Nc6 3. d4 cxd4 4. Nxd4 Nf6 5. Nc3 d6 6. Bg5 e6 7. Qd2 a6 8. 0-0-0 h6 9. Nxc6 bxc6 10. Bf4 d5 11. Qe3 Bb4 12. h4 Qa5 13. Be5 Ng4 14. Qg3 Nxe5 15. Qxg7 Ng6 16. h5 Bxc3 17. bxc3 Qa3+ 18. Kd2 Qf8 19. Qf6 Ne7 20. Rb1 dxe4 21. Rh3 Rg8 22. Qf4 e5 23. Qxe4 Bxh3 24. Qxe5 Rd8+ 25. Bd3 Be6 26. Rb8 Rxb8 27. Qxb8+ Bc8 0-1

[Event "EU-ch 23rd"]
[Site "Vrnjacka Banja"]
[Date "2023.03.03"]
[Round "1"]
[White "Aleksic, Milan"]
[Black "Kourkoulos Arditis, Stamatis"]
[Result "0-1"]
[WhiteElo "2202"]
[BlackElo "2520"]
[PlyCount "46"]
[EventDate "2023.03.03"]
[EventType "swiss"]
[EventRounds "11"]
[EventCountry "SRB"]
[SourceTitle "CBM 213"]
[Source "ChessBase"]
[SourceDate "2023.04.30"]
[SourceVersion "1"]
[SourceVersionDate "2023.04.30"]
[SourceQuality "1"]

1. e4 e5 2. Nf3 Nc6 3. Bb5 a6 4. Ba4 Bc5 5. 0-0 Nge7 6. c3 Ba7 7. d4 Ng6 8. Bg5 f6 9. Be3 0-0 10. Nbd2 d6 11. Re1 Kh8 12. Bb3 exd4 13. cxd4 Nce7 14. d5 Bxe3 15. Rxe3 f5 16. Rc1 Nf4 17. Rec3 fxe4 18. Nxe4 Bg4 19. Rxc7 Nxg2 20. Kxg2 Bxf3+ 21. Qxf3 Rxf3 22. Kxf3 h6 23. Rxb7 Ng6 0-1

[Event "SRB-chT2 West"]
[Site "Kragujevac"]
[Date "2015.09.05"]
[Round "2.2"]
[White "Aleksic, Milan"]
[Black "Irizanin, Radoje"]
[Result "1/2-1/2"]
[WhiteElo "2246"]
[BlackElo "2281"]
[PlyCount "92"]
[EventDate "2015.09.04"]
[EventType "team-tourn"]
[EventRounds "11"]
[EventCountry "SRB"]
[SourceTitle "EXT 2022"]
[Source "ChessBase"]
[SourceDate "2021.10.06"]
[SourceVersion "1"]
[SourceVersionDate "2021.10.06"]
[SourceQuality "1"]

1. e4 c5 2. Nf3 Nc6 3. d4 cxd4 4. Nxd4 g6 5. c4 Nf6 6. Nc3 Nxd4 7. Qxd4 d6 8. Be2 Bg7 9. Be3 0-0 10. Qd2 Be6 11. Rc1 Qa5 12. b3 Rfc8 13. 0-0 a6 14. f3 b5 15. Nd5 Qxd2 16. Bxd2 Nxd5 17. cxd5 Bd4+ 18. Kh1 Bd7 19. Rxc8+ Rxc8 20. Rc1 Rxc1+ 21. Bxc1 f5 22. g4 Kg7 23. Bg5 Bf6 24. Bd2 fxg4 25. fxg4 g5 26. Kg2 h6 27. Be1 Bd4 28. Kf3 Kf6 29. h3 Be8 30. Bg3 a5 31. Be1 b4 32. Bc4 h5 33. Bd2 hxg4+ 34. hxg4 Bc3 35. Be3 a4 36. Bc1 a3 37. Be3 Bg6 38. Bd3 Bf7 39. Bc4 Bg6 40. Bd3 Be8 41. Bc1 Bd7 42. Bc4 Bd4 43. Bd2 Bc5 44. Bc1 Be8 45. Bd2 Bg6 46. Bd3 Be8 1/2-1/2

[Event "SRB-chT2 West CS"]
[Site "Serbia"]
[Date "2011.10.15"]
[Round "9.4"]
[White "Aleksic, Milan"]
[Black "Savicevic, Vlatko"]
[Result "1/2-1/2"]
[WhiteElo "2232"]
[BlackElo "2324"]
[PlyCount "33"]
[EventDate "2011.09.11"]
[EventType "team"]
[EventRounds "11"]
[EventCountry "SRB"]
[SourceTitle "EXT 2015"]
[Source "ChessBase"]
[SourceDate "2014.11.20"]
[SourceVersion "1"]
[SourceVersionDate "2014.11.20"]
[SourceQuality "1"]

1. e4 d6 2. d4 Nf6 3. Nc3 g6 4. Be3 Bg7 5. Qd2 c6 6. f3 b5 7. g4 h5 8. g5 Nfd7 9. f4 Bb7 10. Nf3 b4 11. Nd1 c5 12. d5 Nb6 13. c4 bxc3 14. Nxc3 Ba6 15. Bxa6 Nxa6 16. b3 Nd7 17. 0-0 1/2-1/2

[Event "SRB-chT3 West"]
[Site "Serbia"]
[Date "2007.09.16"]
[Round "2"]
[White "Colovic, Zoran"]
[Black "Aleksic, Milan"]
[Result "0-1"]
[WhiteElo "2234"]
[BlackElo "2258"]
[PlyCount "78"]
[EventDate "2007.09.11"]
[EventType "team"]
[EventRounds "11"]
[EventCountry "SRB"]
[SourceTitle "EXT 2012"]
[Source "ChessBase"]
[SourceDate "2011.11.24"]
[SourceVersion "1"]
[SourceVersionDate "2011.11.24"]
[SourceQuality "1"]
[WhiteTeam "Krusevac 14 oktobar"]
[BlackTeam "Prva Petoletka"]
[WhiteTeamCountry "SRB"]
[BlackTeamCountry "SRB"]

1. e4 c5 2. c3 e6 3. d4 d5 4. e5 Nc6 5. Nf3 Qb6 6. Be2 Bd7 7. 0-0 cxd4 8. cxd4 Nge7 9. b3 Nf5 10. Bb2 Be7 11. g4 Nh4 12. Nxh4 Bxh4 13. Kg2 Be7 14. f4 f6 15. Qd3 0-0 16. Nd2 Rf7 17. Nf3 Raf8 18. f5 fxe5 19. fxe6 Bxe6 20. Nxe5 Nxe5 21. dxe5 Rf2+ 22. Kg3 Rxf1 23. Rxf1 Rxf1 24. Bxf1 Qg1+ 25. Bg2 Qe1+ 26. Kf3 h5 27. gxh5 Qh4 28. Qd4 Qxh2 29. Kf2 b6 30. b4 Kh8 31. a3 Qxh5 32. Bxd5 Qh4+ 33. Ke3 Qg3+ 34. Kd2 Bg5+ 35. Kc2 Bf5+ 36. Kd1 Be3 37. Qc3 Qg4+ 38. Ke1 Qg1+ 39. Ke2 Qf2+ 0-1

[Event "SRB-chT3 West"]
[Site "Serbia"]
[Date "2007.??.??"]
[Round "1"]
[White "Suljovic, Sulejman"]
[Black "Aleksic, Milan"]
[Result "1/2-1/2"]
[WhiteElo "2217"]
[BlackElo "2258"]
[PlyCount "74"]
[EventDate "2007.09.11"]
[EventType "team"]
[EventRounds "11"]
[EventCountry "SRB"]
[SourceTitle "EXT 2012"]
[Source "ChessBase"]
[SourceDate "2011.11.24"]
[SourceVersion "1"]
[SourceVersionDate "2011.11.24"]
[SourceQuality "1"]
[WhiteTeam "Novi Pazar Svojbor"]
[BlackTeam "Prva Petoletka"]
[WhiteTeamCountry "SRB"]
[BlackTeamCountry "SRB"]

1. e4 c5 2. Nc3 Nc6 3. g3 g6 4. Bg2 Bg7 5. d3 d6 6. Be3 Nf6 7. h3 Rb8 8. Qd2 b5 9. Nd1 h6 10. Ne2 h5 11. f4 Bd7 12. 0-0 Qc8 13. Nf2 0-0 14. c3 b4 15. d4 bxc3 16. bxc3 Na5 17. e5 Ne8 18. Rab1 Nc7 19. Rxb8 Qxb8 20. dxc5 Nc4 21. Qd4 Nxe3 22. Qxe3 Be6 23. Nd4 Nd5 24. Qd2 dxe5 25. fxe5 Qxe5 26. Nxe6 fxe6 27. Ne4 Rxf1+ 28. Kxf1 Nxc3 29. Nxc3 Qxc3 30. Qxc3 Bxc3 31. Ke2 Kf7 32. Kd3 Be5 33. Kc4 Ke8 34. Kb5 Kd7 35. g4 hxg4 36. hxg4 Bd4 37. Bc6+ Kc7 1/2-1/2

[Event "Serbia-chT central"]
[Site "Golubac"]
[Date "2003.??.??"]
[Round "?"]
[White "Jovanovic, Dusan D"]
[Black "Aleksic, Milan"]
[Result "1/2-1/2"]
[WhiteElo "2216"]
[BlackElo "2292"]
[PlyCount "73"]
[EventDate "2003.09.27"]
[EventType "team"]
[EventRounds "11"]
[EventCountry "YUG"]
[SourceTitle "CBM 096 Extra"]
[Source "ChessBase"]
[SourceDate "2003.10.22"]
[SourceVersion "2"]
[SourceVersionDate "2003.10.20"]
[SourceQuality "1"]

1. Nf3 Nf6 2. c4 g6 3. Nc3 Bg7 4. e4 d6 5. d4 0-0 6. h3 e5 7. d5 Na6 8. Bg5 Qe8 9. g4 Nc5 10. Nd2 a5 11. Qf3 Qe7 12. Be2 h6 13. Be3 Ne8 14. Qg2 c6 15. h4 f6 16. h5 g5 17. dxc6 bxc6 18. Bxc5 dxc5 19. Na4 Nc7 20. 0-0-0 Rb8 21. Bd3 Ne6 22. Bc2 Ba6 23. Nb3 Rb4 24. Nxa5 Rc8 25. a3 Rbb8 26. f3 Bf8 27. Rd3 Nd4 28. Rxd4 exd4 29. Qe2 Qe5 30. Qd3 Rc7 31. Kb1 Bc8 32. Nb3 Be6 33. Nd2 Ra7 34. Re1 Qg3 35. Re2 Qd6 36. Re1 Qg3 37. Re2 1/2-1/2

[Event "YUG-chT"]
[Site "Vrnjacka Banja"]
[Date "1996.??.??"]
[Round "?"]
[White "Aleksic, Milan"]
[Black "Nestorovic, Dejan"]
[Result "0-1"]
[WhiteElo "2320"]
[BlackElo "2310"]
[PlyCount "114"]
[EventDate "1996.??.??"]
[EventType "team"]
[EventRounds "11"]
[EventCountry "YUG"]
[SourceTitle "EXT 2000"]
[Source "ChessBase"]
[SourceDate "1999.11.16"]
[SourceVersion "1"]
[SourceVersionDate "1999.11.16"]
[SourceQuality "1"]

1. e4 e5 2. Nf3 Nc6 3. Bc4 Bc5 4. b4 Bb6 5. a4 a6 6. c3 Nf6 7. d3 0-0 8. 0-0 d6 9. Nbd2 Be6 10. Bxe6 fxe6 11. Nc4 Ba7 12. Be3 Bxe3 13. fxe3 Qe7 14. b5 Nb8 15. b6 Nbd7 16. Rb1 Rac8 17. bxc7 Rxc7 18. Na5 b6 19. Nc4 Nxe4 20. Qb3 Nec5 21. Qc2 e4 22. dxe4 Nxe4 23. Nxb6 d5 24. Qd3 Nxb6 25. Rxb6 Rxc3 26. Qd4 Qc5 27. Rxe6 Rc4 28. Qxc5 Nxc5 29. Rd6 Rxa4 30. Rxd5 Ne4 31. Rd4 Rxd4 32. exd4 a5 33. Ra1 Ra8 34. Kf1 Kf7 35. Ke2 Ke6 36. Kd3 Kd5 37. Re1 Nf6 38. Re5+ Kd6 39. Re1 Nd5 40. g3 Rf8 41. Nd2 Nb4+ 42. Kc4 Rc8+ 43. Kb5 Nc2 44. Re4 Kd5 45. Rg4 Nxd4+ 46. Kxa5 Ne6 47. Rh4 h6 48. Rh5+ Kd4 49. Nf3+ Ke4 50. Nd2+ Kd3 51. Rd5+ Nd4 52. Nf3 Ke4 53. Rxd4+ Kxf3 54. Rb4 Kg2 55. Rh4 Rc1 56. Rg4 g5 57. h4 Kf3 0-1

[Event "YUG-chT"]
[Site "Vrnjacka Banja"]
[Date "1996.??.??"]
[Round "?"]
[White "Rosic, Slavko S"]
[Black "Aleksic, Milan"]
[Result "1-0"]
[WhiteElo "2340"]
[BlackElo "2320"]
[PlyCount "115"]
[EventDate "1996.??.??"]
[EventType "team"]
[EventRounds "11"]
[EventCountry "YUG"]
[SourceTitle "EXT 2000"]
[Source "ChessBase"]
[SourceDate "1999.11.16"]
[SourceVersion "1"]
[SourceVersionDate "1999.11.16"]
[SourceQuality "1"]

1. e4 c5 2. c3 e6 3. d4 d5 4. e5 Nc6 5. Nf3 Bd7 6. Be2 Nge7 7. 0-0 Rc8 8. Na3 cxd4 9. Nb5 Ng6 10. cxd4 a6 11. Nc3 Be7 12. Bd3 0-0 13. Ne2 f5 14. g3 Nb4 15. Bb1 b5 16. h4 a5 17. a3 Na6 18. Bd3 Qb6 19. Bg5 Qd8 20. Qd2 h6 21. Bxh6 gxh6 22. Qxh6 Nh8 23. Nf4 Rf7 24. Nxe6 Bxe6 25. Qxe6 Nc7 26. Qb6 Rb8 27. Qxa5 Ne6 28. Qa6 Rb6 29. Qa5 Rb8 30. Qxd8+ Bxd8 31. Rac1 Ng6 32. Rc6 Ngf8 33. b4 Bb6 34. Rd6 Bxd4 35. Rxd5 Bb2 36. Bxb5 Bxa3 37. Rb1 Nc7 38. Bc4 Nxd5 39. Bxd5 Kg7 40. Bxf7 Kxf7 41. b5 Bc5 42. Ng5+ Kg6 43. Kg2 Be7 44. f4 Bxg5 45. hxg5 Ne6 46. b6 Rb7 47. Kf3 Kf7 48. g4 Ng7 49. Kg3 Ke7 50. g6 Ke6 51. Rb2 Ne8 52. Kh4 Ng7 53. Kg5 fxg4 54. Kxg4 Nf5 55. Kg5 Ng3 56. Rb1 Nf5 57. Rh1 Rxb6 58. g7 1-0

[Event "YUG-chT"]
[Site "Vrnjacka Banja"]
[Date "1996.??.??"]
[Round "?"]
[White "Zivkovic, Milan"]
[Black "Aleksic, Milan"]
[Result "1/2-1/2"]
[WhiteElo "2285"]
[BlackElo "2320"]
[PlyCount "41"]
[EventDate "1996.??.??"]
[EventType "team"]
[EventRounds "11"]
[EventCountry "YUG"]
[SourceTitle "EXT 2000"]
[Source "ChessBase"]
[SourceDate "1999.11.16"]
[SourceVersion "1"]
[SourceVersionDate "1999.11.16"]
[SourceQuality "1"]

1. e4 c5 2. Nf3 Nc6 3. Bb5 g6 4. 0-0 Bg7 5. Bxc6 dxc6 6. d3 Bg4 7. Nbd2 Nf6 8. h3 Bxf3 9. Nxf3 Nd7 10. Be3 e5 11. Qd2 Qe7 12. a3 0-0 13. Bh6 f6 14. Bxg7 Kxg7 15. Rad1 Rf7 16. c3 Nf8 17. d4 exd4 18. cxd4 cxd4 19. Qxd4 Ne6 20. Qe3 Qc5 21. Nd4 1/2-1/2